000 00769nmm a2200301 a 4500
003 AR-BaBNM
005 20251128204640.0
008 036019s1991 ||||||||||||||000 | spa||
020 _a956-13-0461-8
040 _cAR-BaBNM
100 1 _aBalcells, Jacqueline
245 1 0 _aAventura en las estrellas
250 _a2ª ed.
260 _aSantiago de Chile
_bEditorial Andrés Bello
_c1991
300 0 _a110 p.
_bil.
650 4 _aLITERATURA INFANTIL
650 4 _aCIENCIA FICCION
650 4 _aVIAJES
650 4 _aPLANETAS
650 4 _aCUENTOS DE AVENTURAS
650 4 _aROBOTS
655 _aLITERATURA
700 1 _aGüiraldes, Ana María
700 1 _aBalcells, Alberto
700 1 _aJullian, Andrés
_eilustrador
942 _cBK
998 _cisola
999 _c8218
_d8218